000 01124nam a22003377a 4500
003 CHAP
005 20220329143836.0
008 121105s1980 mx a r 00010 spa d
010 _a102624
011 _a103596
035 _a114285
040 _cCHAP
090 _aFolleto 18113
100 0 0 _aRivera Orduño, Carlos Alonso.
_997714
245 1 0 _aCultivo de la vid en la región de Caborca
_c/por Carlos Alonso Rivera Orduño, Jaime Monge Casillas y José Samuel Aranda Lira
260 _aMéxico, D.F. :
_bSARH,
_c1980
300 _a18 p. :
_bilus.
490 0 _aCircular CIANO
_v118
590 _aBATCH-UPD
_b10
_c20130110
_lUCH01
_h1030
590 _aBATCH-UPD
_b10
_c20130410
_lUCH01
_h0633
590 _aBATCH-UPD
_b10
_c20130914
_lUCH01
_h0941
590 _aCONVERSION
_b10
_c20130109
_lUCH01
_h1356
650 1 4 _aVid
_xInvestigación.
_9119121
650 1 4 _aVid
_xSonora.
_9119140
700 0 _aAranda Lira, Samuel.
_96502
700 0 _aMonge Casillas, Jaime.
_977512
830 0 _aCircular CIANO
_v118
_923368
901 _aBK
942 _cFOLL
949 _aFolleto 18113
_bBC
_cFOLL
_d33724002315017
_eTS1
_i114285
_st
999 _c102624
_d102624